LEADER 01122nam0-22003371i-450- 001 990004136900403321 005 20050330084942.0 035 $a000413690 035 $aFED01000413690 035 $a(Aleph)000413690FED01 035 $a000413690 100 $a19990604d1976----km-y0itay50------ba 101 0 $aita 105 $ay-------00-y- 200 1 $a<>SISTEMA scolastico italiano$eLa realta di oggi e le prospettive di partecipazione, sperimentazione e programmazione$fV. Telmon, E. Agostini, G. Balduzzi, F. Bochicchio 210 $aFirenze$cLe Monnier$d(stampa 1976) 215 $a142 p.$d19 cm 225 1 $aPiccola Enciclopedia di Scienze dell'Educazione$fdiretta da Domenico Izzo 610 0 $aScuola$aItalia$aStoria 676 $a371.00945$v21$zita 702 1$aAgostini,$bEnzo 702 1$aBalduzzi,$bGianni 702 1$aBochicchio,$bFranco 702 1$aTelmon,$bVittorio 801 0$aIT$bUNINA$gRICA$2UNIMARC 901 $aBK 912 $a990004136900403321 952 $a371.009 TEL 1$bP.F.M.3271$fFLFBC 959 $aFLFBC 996 $aSistema scolastico italiano$9453541 997 $aUNINA LEADER 02693nam 2200673 a 450 001 9910777034303321 005 20161219111330.0 010 $a1-4462-3314-6 010 $a1-4462-2079-6 010 $a9786610370580 010 $a1-4129-3302-1 010 $a1-280-37058-0 035 $a(CKB)1000000000411818 035 $a(EBL)254782 035 $a(OCoLC)191036590 035 $a(SSID)ssj0000121197 035 $a(PQKBManifestationID)11138551 035 $a(PQKBTitleCode)TC0000121197 035 $a(PQKBWorkID)10092848 035 $a(PQKB)10746716 035 $a(MiAaPQ)EBC254782 035 $a(OCoLC)1007859284 035 $a(StDuBDS)EDZ0000064282 035 $a(Au-PeEL)EBL254782 035 $a(CaPaEBR)ebr10080897 035 $a(CaONFJC)MIL37058 035 $a(OCoLC)61485125 035 $a(OCoLC)1190772222 035 $a(FINmELB)ELB131163 035 $a(EXLCZ)991000000000411818 100 $a20120327d2002 fy 0 101 0 $aeng 135 $aur||||||||||| 181 $ctxt 182 $cc$2rdamedia 183 $acr$2rdacarrier 200 00$aChildren's perspectives on domestic violence$b[electronic resource] /$fAudrey Mullender ... [et al.] 210 $aLondon $cSAGE$dc2002 215 $a1 online resource (ix, 258 p.) 300 $aDescription based upon print version of record. 311 $a0-7619-7106-8 311 $a0-7619-7105-X 320 $aIncludes bibliographical references (p. [241]-253) and index. 327 $aChildren in their own issue : a shift of approach -- Researching with children on a sensitive topic -- What children know and understand about domestic violence -- Children's experiences of living with domestic violence -- Children's coping strategies -- Barriers of racism, ethnicity, and culture -- The influence of domestic violence on relationships between children and their mothers -- Life with a violent father -- Listening to the children : the way ahead. 330 8 $aThis title examines children's experiences and perspectives on living with domestic violence. It brings together current policy and practice in relation to children living with abuse and offers a critique from the perspective of children's voices. 606 $aFamily violence 606 $aChildren and violence 606 $aChildren$xAttitudes 615 0$aFamily violence. 615 0$aChildren and violence. 615 0$aChildren$xAttitudes. 676 $a362.8292083 701 $aMullender$b Audrey$0904816 801 0$bStDuBDS 801 1$bStDuBDS 906 $aBOOK 912 $a9910777034303321 996 $aChildren's perspectives on domestic violence$93816102 997 $aUNINA